Movies Quiz

Random Movies or Show Quiz

Famous Hollywood movie and TV cars (pics) Quiz Stats

Quiz not verified by Sporcle

Challenge
Share
Tweet
Score 0/19 Timer 03:00
0 Plays Today
No./Movie/Show Year % Correct
11 - Dukes of Hazzard1969
72.8%
7 - Knight Rider1982
63%
1 - Grease1948
59.8%
4 - Starsky and Hutch1974
58.7%
2 - Ferris Bueller's Day Off1961
57.6%
14 - Fast and Furious1970
56.5%
5 - Ghostbusters1959
55.4%
13 - Herbie the Love Bug1963
51.1%
6 - Thelma and Louise1966
47.8%
3 - Batman1955
45.7%
No./Movie/Show Year % Correct
19 - Back to the Future1981
44.6%
18 - Smokey and the Bandit1977
41.3%
16 - Magnum PI1979
40.2%
12 - Mad Max1973
39.1%
9 - Scooby Doo1972
35.9%
8 - Animal House1964
31.5%
15 - Die Another Day2001
31.5%
17 - Blues Brothers1974
31.5%
10 - Partridge Family1955
30.4%

You're not logged in!

Compare scores with friends on all Sporcle quizzes.
Sign Up with Email
OR
Log In

You Might Also Like...

Show Comments

Extras

Top Quizzes Today


Score Distribution

Your Account Isn't Verified!

In order to create a playlist on Sporcle, you need to verify the email address you used during registration. Go to your Sporcle Settings to finish the process.